Представление документа в формате RUSMARC

ПолеНазваниеЗначение
  Тип записи a
  Библиографический уровень a
001 Контрольный номер RU/REG73/CBS_GRAD/d1a42ff4147b4e6cbef663764ec720d5
005 Дата корректировки 20230920101010.7
100 Данные общей обработки __
a Данные общей обработки 20230920 ||| 0rusy0189 ca
101 Язык документа 0_
a Язык текста rus
102 Страна публикации __
a Страна публикации RU
200 Заглавие и сведения об ответственности 1_
a Заглавие Что в нем не так?
e Сведения, относящиеся к заглавию о новом учебнике истории
215 Физическое описание __
a Объем С.4.
461 Уровень набора _0
1 2000
a Завтра
463 Уровень физической единицы _0
1 2000
8
v №36 (сентябрь)
1 2101
d 2023
1 001RU/REG73/CBS_GRAD/a744025dc5834068bedd68117ee77775
610 Ключевые слова 0_
a Ключевые слова новый учебник по истории
700 Автор _1
a Фамилия Багдасарян
b Имя (инициалы) Вардан
801 Источник записи _0
a Страна RU
b Организация RuCBSGrad
c Дата составления 20230920
g Правила каталогизации RCR
801 Источник записи _1
a Страна RU
b Организация RuCBSGrad
c Дата составления 20230920
g Правила каталогизации RCR
901 Тип документа __
t Тип документа f
w Контрольный № источника RU/REG73/CBS_GRAD/a744025dc5834068bedd68117ee77775